000 01232nam a22002177a 4500
999 _c57549
_d57549
003 Ge_BSU
005 20200728114545.0
008 200728s2016ge xxu||||| |||| 00| 0 geo d
020 _a9789941947773
041 _ageo
080 _a342.41(479.22) დ-32
100 _aდემეტრაშვილი, ავთანდილ.
_99064
245 _aკონსტიტუციური სამართალი : სახელმძღვანელო ბაკალავრიატის სტუდენტებისათვის /
_cავთანდილ დემეტრაშვილი, გიორგი გოგიაშვილი ; რედ. ირაკლი გაბისონია.
264 _aთბილისი :
_bიურისტების სამყარო,
_c2016
300 _a624 გვ. ;
_c21 სმ.
653 _aსაქართველოს კონსტიტუციური სამართალი.
653 _aსამართალი
700 _aგოგიაშვილი, გიორგი
_97880
700 _aგაბისონია, ირაკლი
_eრედაქტორი
_97024
942 _2udc
_cBK